00609cam a2200217 a 45000010008000000030006000080050017000140080041000310200015000720200018000870350024001050350012001290400008001410820018001491000021001672450056001882600074002443000019003186500024003377100030003616632021GBCCL20241126110409.0040706s2003 ii af 000 0aeng c a8172147813 a9788172147815 a(OCoLC)ocn691065015 a6632021 cgbc a266.0092bBAL1 aBalraj, James E.12aA salesman's journey to mission /cJames E. Balraj. aNew Delhi :bIndian Society for Promoting Christian Knowledge,c2003. a201p.;c20 cm. aMissionsvBiography2 aI.S.P.C.K. (Organization)